000 00487nam a2200193 4500
003 LK-CoMWRAF
005 20230825103716.0
008 230825b2008 |||||||| |||| 00| 0 eng d
020 _a9780573651335
040 _aLK-CoMWRAF
_dLK-CoMWRAF
_eLK-CoMWRAF
082 _a862
_bDOR
110 _aDorfman, Ariel
245 _aWidows
260 _aNew York :
_bSamuel French,
_c2008
300 _a105p
650 _aTraverse Theatre :
650 _aCambridge Arts Theatre
942 _n0
_cBK
999 _c3261
_d3261